[Event "Bad Woerishofen op 29th"]
[Site "Bad Woerishofen"]
[Date "2013.03.07"]
[Round "7"]
[White "Baeuml, Ulrich"]
[Black "Germes, Bernard"]
[Result "1-0"]
[WhiteElo "2094"]
[BlackElo "2017"]
[PlyCount "45"]
[EventDate "2013.03.01"]
[EventType "swiss"]
[EventRounds "9"]
[EventCountry "GER"]
[SourceTitle "CBM 153 Extra"]
[Source "ChessBase"]
[SourceDate "2013.04.22"]
[SourceVersion "1"]
[SourceVersionDate "2013.04.22"]
[SourceQuality "1"]

1. c4 d6 2. g3 g6 3. Bg2 Bg7 4. Nc3 c6 5. d3 e5 6. Rb1 f5 7. Nf3 Nh6 8. 0-0 Nf7 9. Bd2 Nd7 10. b4 Nf6 11. b5 Bd7 12. Qb3 Qc7 13. Rfc1 0-0 14. a4 Kh8 15. Qa3 e4 16. dxe4 fxe4 17. Ng5 Ne5 18. Ncxe4 Bf5 19. Nxf6 Bxb1 20. Nfxh7 Qe7 21. Nxf8 Rxf8 22. Rxb1 Nxc4 23. Qd3 1-0

[Event "Split op 1st"]
[Site "Split"]
[Date "2011.08.11"]
[Round "7"]
[White "Pavic, Filip"]
[Black "Germes, Bernard"]
[Result "1-0"]
[WhiteElo "1722"]
[BlackElo "2130"]
[PlyCount "75"]
[EventDate "2011.08.05"]
[EventType "swiss"]
[EventRounds "9"]
[EventCountry "CRO"]
[SourceTitle "CBM 143 Extra"]
[Source "ChessBase"]
[SourceDate "2011.08.29"]
[SourceVersion "1"]
[SourceVersionDate "2011.08.29"]
[SourceQuality "1"]

1. d4 f5 2. Nf3 d6 3. c4 Nf6 4. Nc3 c6 5. e3 Qc7 6. Be2 e5 7. 0-0 e4 8. Nd2 Qf7 9. d5 Be7 10. f3 0-0 11. fxe4 Qg6 12. Bd3 Qh6 13. Nf3 fxe4 14. Nxe4 Bg4 15. Ng3 Nh5 16. e4 g5 17. Nf5 Rxf5 18. exf5 Nd7 19. h3 Bxf3 20. Rxf3 Ne5 21. Bd2 Nf4 22. Bxf4 gxf4 23. dxc6 bxc6 24. Be4 Rc8 25. Rc1 Bd8 26. b4 Bb6+ 27. c5 d5 28. Bxd5+ cxd5 29. Qxd5+ Nf7 30. Qe6 Qxe6 31. fxe6 Ne5 32. Rxf4 Bc7 33. Rf5 Rd8 34. Rf6 Kg7 35. Rcf1 Re8 36. Rf7+ Nxf7 37. Rxf7+ Kg6 38. Rxc7 1-0

[Event "FRA-chT2 0304"]
[Site "France"]
[Date "2004.02.01"]
[Round "7"]
[White "Edouard, Romain"]
[Black "Germes, Bernard"]
[Result "1-0"]
[WhiteElo "2085"]
[BlackElo "2168"]
[PlyCount "79"]
[EventDate "2003.10.??"]
[EventType "team"]
[EventRounds "11"]
[EventCountry "FRA"]
[SourceTitle "EXT 2005"]
[Source "ChessBase"]
[SourceDate "2004.11.15"]
[SourceVersion "1"]
[SourceVersionDate "2004.11.15"]
[SourceQuality "1"]
[WhiteTeam "Sautron"]
[BlackTeam "Rennes"]
[WhiteTeamCountry "FRA"]
[BlackTeamCountry "FRA"]

1. e4 d6 2. d4 Nf6 3. Nc3 e5 4. Nf3 Nbd7 5. Bc4 Be7 6. 0-0 0-0 7. h3 c6 8. a4 b6 9. Qe2 Bb7 10. Rd1 Qc7 11. b3 Rae8 12. d5 cxd5 13. exd5 h6 14. Nh4 e4 15. Nb5 Qb8 16. Nf5 a6 17. Nbd4 Ne5 18. Bxh6 gxh6 19. Qe3 Nfg4 20. hxg4 Bg5 21. Nxh6+ Bxh6 22. Qxh6 Qc7 23. Nf5 f6 24. g5 Bc8 25. Ng3 Ng4 26. Qg6+ Qg7 27. Qxg7+ Kxg7 28. Nh5+ Kg8 29. Nxf6+ Nxf6 30. gxf6 Rxf6 31. Re1 Kf7 32. Re3 Rh6 33. f3 Reh8 34. Rf1 Rh1+ 35. Kf2 Rxf1+ 36. Kxf1 Kf6 37. Rxe4 Bf5 38. Re2 Rh1+ 39. Kf2 Rc1 40. Ke3 1-0

[Event "FRA-chT2W 0203"]
[Site "France"]
[Date "2003.04.06"]
[Round "11"]
[White "Sauvadet, Herve"]
[Black "Germes, Bernard"]
[Result "0-1"]
[WhiteElo "2093"]
[BlackElo "2140"]
[PlyCount "116"]
[EventDate "2002.10.??"]
[EventType "team"]
[EventRounds "11"]
[EventCountry "FRA"]
[SourceTitle "EXT 2004"]
[Source "ChessBase"]
[SourceDate "2003.11.25"]
[SourceVersion "1"]
[SourceVersionDate "2003.11.25"]
[SourceQuality "1"]
[WhiteTeam "Clermont Ferrand"]
[BlackTeam "Rennes"]
[WhiteTeamCountry "FRA"]
[BlackTeamCountry "FRA"]

1. e4 g6 2. d4 d6 3. Nc3 c6 4. f4 d5 5. e5 h5 6. Nf3 Nh6 7. Be3 a6 8. Qd2 Bf5 9. g3 Nd7 10. h3 e6 11. Nh4 c5 12. Bg2 cxd4 13. Bxd4 Be7 14. Nxf5 Nxf5 15. Bf2 Rc8 16. Ne2 Qc7 17. c3 Bc5 18. Nd4 Nxd4 19. cxd4 Be7 20. 0-0 Nb8 21. Rfc1 Nc6 22. a3 Kd7 23. b4 Qb8 24. g4 hxg4 25. hxg4 Na7 26. f5 gxf5 27. gxf5 Rcg8 28. Rc2 Nc6 29. Qd3 Nxe5 30. dxe5 Qxe5 31. Bd4 Qh2+ 32. Kf1 Rh4 33. Rf2 Rhg4 34. Raa2 Qh4 35. Be3 Qh5 36. Rac2 Bd6 37. fxe6+ fxe6 38. b5 Ra4 39. bxa6 bxa6 40. Bf3 Qh3+ 41. Bg2 Qh5 42. Rc1 Rgg4 43. Qb3 Rgc4 44. Qb7+ Bc7 45. Qb2 Be5 46. Qb3 Bd6 47. Rfc2 Qg4 48. Rxc4 Rxc4 49. Rxc4 dxc4 50. Qb7+ Bc7 51. Bc6+ Kd6 52. Bf3 Qh3+ 53. Ke2 Qh2+ 54. Kd1 Qe5 55. Qc6+ Ke7 56. Bc5+ Kf6 57. Bb4 Qd4+ 58. Bd2 Bf4 0-1

[Event "FRA-chT2W 0203"]
[Site "France"]
[Date "2003.03.16"]
[Round "9"]
[White "Germes, Bernard"]
[Black "Gollain, Marc"]
[Result "1/2-1/2"]
[WhiteElo "2140"]
[BlackElo "2188"]
[PlyCount "75"]
[EventDate "2002.10.??"]
[EventType "team"]
[EventRounds "11"]
[EventCountry "FRA"]
[SourceTitle "EXT 2004"]
[Source "ChessBase"]
[SourceDate "2003.11.25"]
[SourceVersion "1"]
[SourceVersionDate "2003.11.25"]
[SourceQuality "1"]
[WhiteTeam "Rennes"]
[BlackTeam "Bagneux"]
[WhiteTeamCountry "FRA"]
[BlackTeamCountry "FRA"]

1. Nf3 d5 2. d3 Nf6 3. g3 Bg4 4. h3 Bxf3 5. exf3 e5 6. f4 e4 7. Nd2 exd3 8. Bxd3 Qe7+ 9. Qe2 Nbd7 10. Qxe7+ Bxe7 11. 0-0 Nc5 12. Be2 0-0 13. b3 Nfe4 14. Nxe4 Nxe4 15. Bb2 Bc5 16. Kg2 Rfe8 17. Bd3 Bb4 18. a3 Ba5 19. b4 Bb6 20. Rae1 Nd6 21. Be5 Nc4 22. Bxc4 dxc4 23. Bc3 c6 24. Kf3 f6 25. Rxe8+ Rxe8 26. Rd1 Kf7 27. g4 Re7 28. Rd6 Re6 29. Rd7+ Re7 30. Rd6 Re6 31. Rd7+ Re7 32. Rd1 Ke8 33. h4 Rd7 34. Rxd7 Kxd7 35. f5 Kd6 36. g5 Bd8 37. Kg4 Ke7 38. f4 1/2-1/2

[Event "FRA-chT2W 0203"]
[Site "France"]
[Date "2003.03.15"]
[Round "8"]
[White "Germes, Bernard"]
[Black "Quemener, Yann"]
[Result "1-0"]
[WhiteElo "2140"]
[BlackElo "1740"]
[PlyCount "81"]
[EventDate "2002.10.??"]
[EventType "team"]
[EventRounds "11"]
[EventCountry "FRA"]
[SourceTitle "EXT 2004"]
[Source "ChessBase"]
[SourceDate "2003.11.25"]
[SourceVersion "1"]
[SourceVersionDate "2003.11.25"]
[SourceQuality "1"]
[WhiteTeam "Rennes"]
[BlackTeam "Le Chesnay"]
[WhiteTeamCountry "FRA"]
[BlackTeamCountry "FRA"]

1. e4 c5 2. Nf3 d6 3. g3 Nf6 4. d3 Nc6 5. Bg2 e5 6. Nc3 Be7 7. 0-0 0-0 8. h3 h6 9. Nd2 Re8 10. Nc4 Be6 11. Nd5 Bf8 12. c3 Bxd5 13. exd5 Ne7 14. Ne3 Qd7 15. Qb3 b5 16. a4 a6 17. Kh2 Reb8 18. a5 Nf5 19. Ng4 Nxg4+ 20. hxg4 Ne7 21. Qd1 g6 22. d4 cxd4 23. cxd4 exd4 24. f4 f5 25. g5 hxg5 26. Qxd4 Bg7 27. Qf2 g4 28. Be3 Rc8 29. Rfd1 Kf7 30. Kg1 Ng8 31. Bd4 Bxd4 32. Rxd4 Rc5 33. Re1 Re8 34. Re6 Rxe6 35. dxe6+ Kxe6 36. Qd2 Kf7 37. Rxd6 Qe8 38. b4 Rc7 39. Rd8 Qe7 40. Bd5+ Kg7 41. Rxg8+ 1-0

[Event "Agneaux St Lo"]
[Site "Agneaux"]
[Date "1999.??.??"]
[Round "3"]
[White "Germes, Bernard"]
[Black "Housieaux, David"]
[Result "0-1"]
[WhiteElo "2010"]
[BlackElo "2200"]
[PlyCount "78"]
[EventDate "1999.??.??"]
[EventType "tourn"]
[EventRounds "9"]
[EventCountry "FRA"]
[SourceTitle "EXT 2000"]
[Source "ChessBase"]
[SourceDate "1999.11.16"]
[SourceVersion "1"]
[SourceVersionDate "1999.11.16"]
[SourceQuality "1"]

1. g3 Nf6 2. Bg2 g6 3. Nf3 Bg7 4. d3 0-0 5. 0-0 c5 6. e4 Nc6 7. Nbd2 d6 8. c3 Rb8 9. a4 a6 10. h3 Ne8 11. Nc4 b5 12. axb5 axb5 13. Ne3 Nc7 14. Bd2 b4 15. Qc1 Be6 16. c4 Bd7 17. Nd5 Ne6 18. Rb1 Ned4 19. Nxd4 Nxd4 20. Qd1 e6 21. Nf4 Ra8 22. Ne2 Nxe2+ 23. Qxe2 Ra2 24. Bf4 Ba4 25. Qd2 Qe7 26. Bf3 Qf6 27. Bd1 Bxd1 28. Rfxd1 Rxb2 29. Rxb2 Qxb2 30. Qxb2 Bxb2 31. Bxd6 Rc8 32. Kf1 Bd4 33. f4 f6 34. g4 Kf7 35. g5 fxg5 36. Kg2 gxf4 37. Bxf4 Kg7 38. Rf1 Ra8 39. Bd6 b3 0-1